000 00488nam a2200133 4500
999 _c9046
_d9046
008 180405b ||||| |||| 00| 0 eng d
082 _aDPer 050 Dec 2015-Mar 2016 T48 v186-187
100 _927172
_aO'Rourke, Meghan.
245 _aThe candidates like they've never been filmed before/
_cMeghan O'Rourke.
260 _aNew York:
_bTime Inc.,
_c©Dec 2015-Mar 2016.
300 _av187 n6-7, pages 14- 15:
_billustrations;
_c27 cm.
650 0 _927173
_aMotion pictures.
942 _2ddc
_cPER